000 00544nam a2200181Ia 4500
003 SISC
005 20160820102518.0
008 140527s9999 xx 000 0 und d
020 _a9780415577427
050 _aGT 3405
_b.B63 2012
100 _aBladen, Charles.
245 _aEvents management :
_ban introduction /
_cCharles Bladen.
260 _aLondon :
_bRoutledge,
_c2012.
300 _a444 pages :
_bill. (chiefly col.) ;
_c25 cm.
500 _aIncludes bibliographical references and index.
942 _kFOR
_cBK
_2lcc
999 _c117382
_d117382